| 000 | 00387nam a2200157Ia 4500 | ||
|---|---|---|---|
| 008 | 230917s9999||||xx |||||||||||||| ||und|| | ||
| 040 |
_e138813 _aMAIN |
||
| 041 | _aEnglish | ||
| 082 | _a346.015 C866P(6) | ||
| 100 | _aCretney, S M | ||
| 245 | 0 | _aPrinciples of family law | |
| 250 | _a6th ed. | ||
| 260 |
_aLondon _bSweet & Maxwell _c1997 |
||
| 300 | _axcviii, 994p p. | ||
| 942 | _cBK | ||
| 999 |
_c120182 _d120182 |
||